[Event "Liga Madrileña 2010/2011 - D. Honor"]
[Site "Madrid ESP"]
[Date "2010.12.19"]
[Round "4.23"]
[White "Elguezabal Varela, Daniel"]
[Black "Garcia Cuenca, Victor"]
[Result "0-1"]
[WhiteElo "2357"]
[BlackElo "2329"]
[PlyCount "138"]
[EventDate "2010.11.21"]
[EventType "team"]
[EventRounds "14"]
[EventCountry "ESP"]
[Source "lmi"]
[SourceDate "2010.11.21"]
[WhiteTeam "La Casa del Ajedrez"]
[BlackTeam "Amigos del Retiro"]
[WhiteTeamCountry "ESP"]
[BlackTeamCountry "ESP"]

1. Nf3 Nf6 2. c4 g6 3. g3 Bg7 4. Bg2 O-O 5. O-O c5 6. Nc3 Nc6 7. d4 d6 8. Re1
Bf5 9. d5 Na5 10. Nd2 a6 11. e4 Bg4 12. Qc2 e5 13. a3 b6 14. b4 Nb7 15. bxc5
Nxc5 16. Nb3 Qc8 17. Nxc5 bxc5 18. Rb1 Qc7 19. Bd2 Bd7 20. Rb2 h5 21. Reb1 Rfb8
22. Rb3 Bc8 23. Qb2 Nd7 24. Na4 Rxb3 25. Qxb3 Rb8 26. Qc2 Bf6 27. Rb2 Bd8 28.
Bh3 Rxb2 29. Nxb2 h4 30. Qa4 Nf6 31. Bg2 h3 32. Bf3 Qb6 33. Qc2 Bd7 34. Bc3 Nh7
35. Bd1 Bf6 36. f3 Bg5 37. Bd2 Bxd2 38. Qxd2 Kg7 39. Kf2 Ng5 40. Nd3 Qb1 41.
Qc2 Qa1 42. Qc1 Qd4+ 43. Ke2 f6 44. Nf2 a5 45. Qc2 Bc8 46. Qd3 Qb2+ 47. Ke3
Qc1+ 48. Ke2 Ba6 49. Bb3 a4 50. Ba2 Qb2+ 51. Qd2 Qxa3 52. Nd3 Kh6 53. Qb2 Qxb2+
54. Nxb2 a3 55. Na4 f5 56. Ke3 fxe4 57. fxe4 Bc8 58. Nc3 Bg4 59. Nb5 Nf3 60.
Nxd6 Nxh2 61. Nf7+ Kg7 62. Nxe5 Nf1+ 63. Kf2 h2 64. Kg2 Be2 65. d6 Kf6 66. d7
Ke7 67. Bb3 g5 68. Ba4 Bxc4 69. Nxc4 a2 0-1

[Event "Liga Madrileña 2010/2011 - D. Honor"]
[Site "Madrid ESP"]
[Date "2010.12.19"]
[Round "4.24"]
[White "Fernandez Garcia, Miguel Angel"]
[Black "Gemy Vargas, Jose Daniel"]
[Result "1/2-1/2"]
[WhiteElo "2304"]
[BlackElo "2316"]
[PlyCount "107"]
[EventDate "2010.11.21"]
[EventType "team"]
[EventRounds "14"]
[EventCountry "ESP"]
[Source "lmi"]
[SourceDate "2010.11.21"]
[WhiteTeam "Amigos del Retiro"]
[BlackTeam "La Casa del Ajedrez"]
[WhiteTeamCountry "ESP"]
[BlackTeamCountry "ESP"]

1. d4 Nf6 2. c4 c6 3. Nf3 d5 4. e3 a6 5. b3 Bg4 6. Nbd2 Nbd7 7. Qc2 e6 8. Bb2
Bd6 9. Bd3 Rc8 10. c5 Bb8 11. O-O Qe7 12. Rac1 e5 13. dxe5 Nxe5 14. Nxe5 Bxe5
15. Bxe5 Qxe5 16. e4 O-O 17. exd5 cxd5 18. Rfe1 Qg5 19. Nf1 h5 20. Qd2 Qxd2 21.
Nxd2 Rc7 22. b4 Rfc8 23. Nb3 Bd7 24. Nd4 g6 25. f3 Kg7 26. a3 a5 27. Bb5 axb4
28. axb4 Bxb5 29. Nxb5 Rd7 30. Nd4 Ng8 31. Ra1 Ne7 32. Nb5 Rb8 33. Red1 b6 34.
Nd4 bxc5 35. bxc5 Rc7 36. Rac1 Rb4 37. c6 Kf6 38. Rc2 Ke5 39. Re2+ Kd6 40. Red2
Kc5 41. Kf2 Rc8 42. g3 Rd8 43. Rc2+ Kd6 44. Ke3 Rb6 45. Rdc1 Rc8 46. c7 Kd7 47.
Rc5 Rb7 48. Nb5 Nf5+ 49. Kf4 Nd6 50. Nxd6 Kxd6 51. Rc6+ Kd7 52. R6c5 Rbxc7 53.
Rxd5+ Ke6 54. Rxc7 1/2-1/2

[Event "Liga Madrileña 2010/2011 - D. Honor"]
[Site "Madrid ESP"]
[Date "2010.12.19"]
[Round "4.25"]
[White "Suarez Uriel, Adrian"]
[Black "Vallejo Diaz, Jesus"]
[Result "0-1"]
[WhiteElo "2215"]
[BlackElo "2273"]
[PlyCount "92"]
[EventDate "2010.11.21"]
[EventType "team"]
[EventRounds "14"]
[EventCountry "ESP"]
[Source "lmi"]
[SourceDate "2010.11.21"]
[WhiteTeam "La Casa del Ajedrez"]
[BlackTeam "Amigos del Retiro"]
[WhiteTeamCountry "ESP"]
[BlackTeamCountry "ESP"]

1. e4 c5 2. Ne2 e6 3. Nbc3 a6 4. d4 cxd4 5. Nxd4 Qc7 6. Be2 b5 7. a3 Bb7 8. Be3
d6 9. O-O Nf6 10. Bd3 Nc6 11. f4 Be7 12. f5 Nxd4 13. Bxd4 e5 14. Be3 Rd8 15.
Qf3 d5 16. exd5 Nxd5 17. Nxd5 Bxd5 18. Qg3 f6 19. Rf2 O-O 20. Rd1 Bc4 21. Rfd2
Bxd3 22. cxd3 b4 23. Qf2 Rd5 24. d4 bxa3 25. bxa3 Rfd8 26. dxe5 Rxd2 27. Rxd2
Qxe5 28. Rxd8+ Bxd8 29. Bc5 Qa1+ 30. Qf1 Qc3 31. Bb4 Qd4+ 32. Kh1 Bc7 33. Qc1
Qe5 34. Qc4+ Kh8 35. g3 a5 36. Qc5 Qa1+ 37. Kg2 Qa2+ 38. Kh3 axb4 39. axb4 Qf7
40. b5 h6 41. b6 Be5 42. Qc8+ Kh7 43. b7 Qh5+ 44. Kg2 Qe2+ 45. Kh3 Qf1+ 46. Kg4
h5+ 0-1

[Event "Liga Madrileña 2010/2011 - D. Honor"]
[Site "Madrid ESP"]
[Date "2010.12.19"]
[Round "4.26"]
[White "Paredes Sanchez, Juan"]
[Black "Collado Barbas, Laura"]
[Result "1-0"]
[WhiteElo "2172"]
[BlackElo "2040"]
[PlyCount "51"]
[EventDate "2010.11.21"]
[EventType "team"]
[EventRounds "14"]
[EventCountry "ESP"]
[Source "lmi"]
[SourceDate "2010.11.21"]
[WhiteTeam "Amigos del Retiro"]
[BlackTeam "La Casa del Ajedrez"]
[WhiteTeamCountry "ESP"]
[BlackTeamCountry "ESP"]

1. e4 e6 2. d4 d5 3. Nc3 Bb4 4. exd5 exd5 5. Bd3 c6 6. Qf3 Qf6 7. Bf4 Nd7 8.
Nge2 Ne7 9. Qg3 h6 10. a3 Bxc3+ 11. bxc3 O-O 12. O-O Ng6 13. Bd2 Re8 14. f4
Ndf8 15. f5 Ne7 16. Qh3 Nh7 17. Ng3 Ng5 18. Qg4 Kh8 19. Nh5 Qd6 20. Bf4 Qd8 21.
Bxg5 hxg5 22. Qxg5 Rg8 23. f6 Ng6 24. fxg7+ Kh7 25. Nf6+ Kxg7 26. Nh5+ 1-0

[Event "Liga Madrileña 2010/2011 - D. Honor"]
[Site "Madrid ESP"]
[Date "2010.12.19"]
[Round "4.31"]
[White "Adan Bermudez, Sergio"]
[Black "Herraiz Hidalgo, Herminio"]
[Result "1-0"]
[WhiteElo "2264"]
[BlackElo "2494"]
[PlyCount "61"]
[EventDate "2010.11.21"]
[EventType "team"]
[EventRounds "14"]
[EventCountry "ESP"]
[Source "lmi"]
[SourceDate "2010.11.21"]
[WhiteTeam "Pueblo Nuevo"]
[BlackTeam "Vallecas CDV"]
[WhiteTeamCountry "ESP"]
[BlackTeamCountry "ESP"]

1. c4 e5 2. g3 Nf6 3. Bg2 h6 4. Nc3 Bb4 5. Nd5 Nxd5 6. cxd5 c6 7. a3 Ba5 8. e3
O-O 9. Ne2 cxd5 10. b4 Bb6 11. d4 d6 12. dxe5 dxe5 13. Qxd5 Qe7 14. Bb2 Nc6 15.
O-O a6 16. Nc3 Ba7 17. Qc4 Be6 18. Nd5 Qe8 19. b5 Na5 20. Qc3 Bxd5 21. Bxd5 Bb6
22. a4 Rc8 23. Qxe5 Qxe5 24. Bxe5 axb5 25. Rfb1 Nc6 26. Rxb5 Bc7 27. Bc3 Bd8
28. Rc1 Na5 29. Bxb7 Rc4 30. Bd5 Rxa4 31. Ra1 1-0

[Event "Liga Madrileña 2010/2011 - D. Honor"]
[Site "Madrid ESP"]
[Date "2010.12.19"]
[Round "4.32"]
[White "Pastor Alonso de Prado, Alberto"]
[Black "Barez Menendez, Hector"]
[Result "1/2-1/2"]
[WhiteElo "2176"]
[BlackElo "2168"]
[PlyCount "62"]
[EventDate "2010.11.21"]
[EventType "team"]
[EventRounds "14"]
[EventCountry "ESP"]
[Source "lmi"]
[SourceDate "2010.11.21"]
[WhiteTeam "Vallecas CDV"]
[BlackTeam "Pueblo Nuevo"]
[WhiteTeamCountry "ESP"]
[BlackTeamCountry "ESP"]

1. e4 e5 2. Nf3 Nf6 3. Nc3 Nc6 4. Bb5 Bb4 5. O-O O-O 6. d3 d6 7. Bxc6 bxc6 8.
Ne2 Bg4 9. Ng3 Nh5 10. Nxh5 Bxh5 11. h3 Bc5 12. g4 Bg6 13. Kg2 d5 14. Qe2 Re8
15. Ne1 Rb8 16. f3 f6 17. Kg3 Bf7 18. Ng2 g5 19. h4 h6 20. Rh1 Kg7 21. c3 a5
22. Be3 Bxe3 23. Nxe3 Be6 24. c4 d4 25. Nf5+ Bxf5 26. exf5 Qd6 27. Kh3 Rh8 28.
Qd2 Qb4 29. Rh2 Qxd2 30. Rxd2 Rb4 31. Re1 c5 1/2-1/2

[Event "Liga Madrileña 2010/2011 - D. Honor"]
[Site "Madrid ESP"]
[Date "2010.12.19"]
[Round "4.33"]
[White "Baigorri Navarro, Francisco Javier"]
[Black "Casado Izquierdo, Victor"]
[Result "1-0"]
[WhiteElo "2149"]
[BlackElo "2149"]
[PlyCount "55"]
[EventDate "2010.11.21"]
[EventType "team"]
[EventRounds "14"]
[EventCountry "ESP"]
[Source "lmi"]
[SourceDate "2010.11.21"]
[WhiteTeam "Pueblo Nuevo"]
[BlackTeam "Vallecas CDV"]
[WhiteTeamCountry "ESP"]
[BlackTeamCountry "ESP"]

1. Nf3 f5 2. d4 Nf6 3. g3 g6 4. Bg2 Bg7 5. O-O O-O 6. c4 d6 7. Nc3 c6 8. d5
cxd5 9. cxd5 Na6 10. Nd4 Nc5 11. Rb1 a5 12. Na4 Nfe4 13. Be3 Bd7 14. Nxc5 Nxc5
15. Qd2 a4 16. b4 axb3 17. axb3 Ra6 18. b4 Na4 19. Rfc1 b5 20. Nc6 Bxc6 21.
dxc6 Qc7 22. Qd5+ Kh8 23. Qxb5 Rb8 24. Qc4 Nb6 25. Qe6 Bf6 26. b5 Ra7 27. Bxb6
Qxb6 28. c7 1-0

[Event "Liga Madrileña 2010/2011 - D. Honor"]
[Site "Madrid ESP"]
[Date "2010.12.19"]
[Round "4.34"]
[White "Montañes Arribas, Adrian"]
[Black "Nieto de la Cruz, Julio"]
[Result "1-0"]
[WhiteElo "2147"]
[BlackElo "2135"]
[PlyCount "49"]
[EventDate "2010.11.21"]
[EventType "team"]
[EventRounds "14"]
[EventCountry "ESP"]
[Source "lmi"]
[SourceDate "2010.11.21"]
[WhiteTeam "Vallecas CDV"]
[BlackTeam "Pueblo Nuevo"]
[WhiteTeamCountry "ESP"]
[BlackTeamCountry "ESP"]

1. e4 c5 2. Nf3 d6 3. d4 Nf6 4. Nc3 cxd4 5. Nxd4 Nc6 6. Bg5 Qa5 7. Bb5 Bd7 8.
Nb3 Qc7 9. Qd2 e6 10. O-O-O O-O-O 11. Bxc6 Bxc6 12. Qd4 Kb8 13. Bxf6 gxf6 14.
Qxf6 Rg8 15. Qf3 Bg7 16. Nd4 Bxd4 17. Rxd4 f5 18. Rhd1 fxe4 19. Nxe4 e5 20.
R4d2 Rdf8 21. Qe2 Rxg2 22. Nxd6 e4 23. Qe3 Qe7 24. Qc5 Rxh2 25. Nb5 1-0

[Event "Liga Madrileña 2010/2011 - D. Honor"]
[Site "Madrid ESP"]
[Date "2010.12.19"]
[Round "4.35"]
[White "Fernandez Lledo, Javier"]
[Black "Martin Duque, Jesus"]
[Result "1-0"]
[WhiteElo "2138"]
[BlackElo "2115"]
[PlyCount "79"]
[EventDate "2010.11.21"]
[EventType "team"]
[EventRounds "14"]
[EventCountry "ESP"]
[Source "lmi"]
[SourceDate "2010.11.21"]
[WhiteTeam "Pueblo Nuevo"]
[BlackTeam "Vallecas CDV"]
[WhiteTeamCountry "ESP"]
[BlackTeamCountry "ESP"]

1. Nf3 Nf6 2. g3 d5 3. Bg2 Bf5 4. O-O c6 5. d3 Nbd7 6. Nbd2 e5 7. Nh4 Bg4 8. h3
Bh5 9. Qe1 Bc5 10. e4 O-O 11. Nb3 Bb6 12. Kh2 a5 13. a4 Bc7 14. Bd2 dxe4 15.
dxe4 Ne8 16. Nf5 Bg6 17. Ne3 Nd6 18. f3 f5 19. exf5 Nxf5 20. Nc4 Nd4 21. Nxd4
exd4 22. Qf2 Nc5 23. b4 Ne4 24. fxe4 Rxf2 25. Rxf2 axb4 26. Bxb4 Qg5 27. Bd6
Bxd6 28. Nxd6 Qe5 29. Nf5 d3 30. Raf1 dxc2 31. Rxc2 Rxa4 32. Rd2 h6 33. Rd8+
Kh7 34. Nh4 Be8 35. Rf8 Ra3 36. Rh8+ Kxh8 37. Ng6+ Kg8 38. Nxe5 Kf8 39. Rb8 Ra5
40. Nc4 1-0

[Event "Liga Madrileña 2010/2011 - D. Honor"]
[Site "Madrid ESP"]
[Date "2010.12.19"]
[Round "4.36"]
[White "Madurga Lopez, Ignacio"]
[Black "Rodrigo Yanguas, Maria"]
[Result "0-1"]
[WhiteElo "1988"]
[BlackElo "2070"]
[PlyCount "64"]
[EventDate "2010.11.21"]
[EventType "team"]
[EventRounds "14"]
[EventCountry "ESP"]
[Source "lmi"]
[SourceDate "2010.11.21"]
[WhiteTeam "Vallecas CDV"]
[BlackTeam "Pueblo Nuevo"]
[WhiteTeamCountry "ESP"]
[BlackTeamCountry "ESP"]

1. e4 e6 2. d4 d5 3. e5 c5 4. c3 Nc6 5. Nf3 Nh6 6. a3 Nf5 7. b4 cxd4 8. cxd4
Be7 9. Bb2 O-O 10. Bd3 Qb6 11. O-O Bd7 12. Bxf5 exf5 13. Nc3 Be6 14. Na4 Qd8
15. Rc1 Rc8 16. Rc2 f4 17. Qd2 Bf5 18. Rc3 g5 19. Rfc1 h5 20. b5 Na5 21. Rxc8
Bxc8 22. Rxc8 Qxc8 23. Qxa5 Qc2 24. Ne1 Qd1 25. Kf1 Rc8 26. Bc3 g4 27. Qxa7 f3
28. gxf3 gxf3 29. Qxb7 Qe2+ 30. Kg1 Rxc3 31. Nxf3 Rxf3 32. Qc8+ Kg7 0-1

[Event "Liga Madrileña 2010/2011 - D. Honor"]
[Site "Madrid ESP"]
[Date "2010.12.19"]
[Round "4.41"]
[White "Serrano Salvador, Eduardo"]
[Black "Vazquez Igarza, Renier"]
[Result "1/2-1/2"]
[WhiteElo "2359"]
[BlackElo "2558"]
[PlyCount "70"]
[EventDate "2010.11.21"]
[EventType "team"]
[EventRounds "14"]
[EventCountry "ESP"]
[Source "lmi"]
[SourceDate "2010.11.21"]
[WhiteTeam "Moratalaz"]
[BlackTeam "Collado Villalba"]
[WhiteTeamCountry "ESP"]
[BlackTeamCountry "ESP"]

1. d4 Nf6 2. Nf3 d5 3. Bg5 Ne4 4. Be3 Bf5 5. Nbd2 e6 6. g3 Be7 7. Bg2 Nd7 8. h3
c6 9. c3 a5 10. a4 Qb6 11. Qb3 Qa6 12. g4 Bg6 13. Ne5 Nxe5 14. dxe5 Nxd2 15.
Bxd2 h5 16. Be3 f6 17. exf6 gxf6 18. Bb6 Kf7 19. O-O-O Bd8 20. Bxd8 Raxd8 21.
Bf3 b5 22. gxh5 Bxh5 23. Bxh5+ Rxh5 24. Rdg1 b4 25. cxb4 Qb6 26. Qd3 Rf5 27.
Rg4 axb4 28. Qg3 e5 29. Rg7+ Ke6 30. Qg6 Qc5+ 31. Kb1 Qf8 32. Rg1 b3 33. f3 Rf4
34. Rg4 Rf5 35. Rb7 Rb8 1/2-1/2

[Event "Liga Madrileña 2010/2011 - D. Honor"]
[Site "Madrid ESP"]
[Date "2010.12.19"]
[Round "4.42"]
[White "Moreno Ruiz, Javier"]
[Black "Ramirez Garcia, Jorge Alberto"]
[Result "1-0"]
[WhiteElo "2527"]
[BlackElo "2255"]
[PlyCount "29"]
[EventDate "2010.11.21"]
[EventType "team"]
[EventRounds "14"]
[EventCountry "ESP"]
[Source "lmi"]
[SourceDate "2010.11.21"]
[WhiteTeam "Collado Villalba"]
[BlackTeam "Moratalaz"]
[WhiteTeamCountry "ESP"]
[BlackTeamCountry "ESP"]

1. d4 d5 2. c4 c6 3. Nc3 Nf6 4. cxd5 cxd5 5. Bf4 Nc6 6. e3 e6 7. Bd3 Bd6 8.
Bxd6 Qxd6 9. f4 O-O 10. Nf3 Ne7 11. Ne5 Nf5 12. Qf3 Qb4 13. Rb1 b6 14. g4 Nd6
15. Nc6 1-0

[Event "Liga Madrileña 2010/2011 - D. Honor"]
[Site "Madrid ESP"]
[Date "2010.12.19"]
[Round "4.43"]
[White "Solaesa Navalpotro, Luis Julio"]
[Black "Ortiz Herranz, Eleazar"]
[Result "1-0"]
[WhiteElo "2251"]
[BlackElo "2243"]
[PlyCount "141"]
[EventDate "2010.11.21"]
[EventType "team"]
[EventRounds "14"]
[EventCountry "ESP"]
[Source "lmi"]
[SourceDate "2010.11.21"]
[WhiteTeam "Moratalaz"]
[BlackTeam "Collado Villalba"]
[WhiteTeamCountry "ESP"]
[BlackTeamCountry "ESP"]

1. d4 Nf6 2. Bg5 Ne4 3. Bf4 c5 4. f3 Nf6 5. dxc5 Qa5+ 6. Qd2 Qxc5 7. Nc3 Nc6 8.
e4 d6 9. O-O-O a6 10. Na4 Qb4 11. Qxb4 Nxb4 12. Nb6 Rb8 13. e5 Nd7 14. exd6
exd6 15. Nc4 Ne5 16. Nxd6+ Bxd6 17. Rxd6 f6 18. Bxe5 fxe5 19. a3 Ke7 20. Rd2
Nc6 21. Ne2 Be6 22. Nc3 Rbd8 23. Rxd8 Rxd8 24. Bd3 g6 25. Be4 Rc8 26. Rd1 Rc7
27. Nd5+ Bxd5 28. Rxd5 Ke6 29. Rc5 Kd6 30. Rc4 Nd4 31. Rxc7 Kxc7 32. Kd2 b6 33.
Ke3 Kd6 34. h4 Ke7 35. c3 Ne6 36. b4 Nf4 37. g3 Nh5 38. Kf2 a5 39. Bd5 Kd6 40.
Bb3 Ke7 41. g4 Nf4 42. g5 Kd6 43. Bg8 Ke7 44. Bc4 Kd6 45. Bf1 Ke6 46. c4 Kd6
47. Ke3 Ne6 48. Ke4 axb4 49. axb4 Nf4 50. c5+ bxc5 51. bxc5+ Kxc5 52. Kxe5 Nd5
53. Bh3 Kc6 54. Bg4 Kc5 55. h5 gxh5 56. Bxh5 Nb4 57. Bf7 Nd3+ 58. Ke4 Nf2+ 59.
Kf4 Kd6 60. Bg8 Ke7 61. Bxh7 Kf7 62. Ke5 Kg7 63. Be4 Nd1 64. f4 Ne3 65. f5 Kf8
66. f6 Ng4+ 67. Kf4 Nf2 68. Bd5 Nd3+ 69. Kf5 Nb4 70. Be6 Nc2 71. Ke4 1-0

[Event "Liga Madrileña 2010/2011 - D. Honor"]
[Site "Madrid ESP"]
[Date "2010.12.19"]
[Round "4.44"]
[White "Cao Armillas, Jesus"]
[Black "Fraga Castro, Jose Carlos"]
[Result "1-0"]
[WhiteElo "2189"]
[BlackElo "2212"]
[PlyCount "63"]
[EventDate "2010.11.21"]
[EventType "team"]
[EventRounds "14"]
[EventCountry "ESP"]
[Source "lmi"]
[SourceDate "2010.11.21"]
[WhiteTeam "Collado Villalba"]
[BlackTeam "Moratalaz"]
[WhiteTeamCountry "ESP"]
[BlackTeamCountry "ESP"]

1. d4 b6 2. e4 Bb7 3. Bd3 e6 4. Ne2 d6 5. c4 g6 6. Nbc3 Bg7 7. O-O c5 8. d5 Nf6
9. f4 O-O 10. Ng3 exd5 11. cxd5 a6 12. a4 Qc7 13. Bd2 c4 14. Bc2 Qc5+ 15. Kh1
Nbd7 16. Qf3 b5 17. Be3 Qb4 18. Ra2 Ne8 19. Nge2 Nc5 20. Rd1 Nc7 21. Bd4 Nb3
22. Bxg7 Kxg7 23. e5 Rfd8 24. Be4 Qc5 25. f5 dxe5 26. d6 Bxe4 27. Nxe4 Qc6 28.
fxg6 hxg6 29. Qf6+ Kg8 30. Qxe5 b4 31. Nf6+ Kf8 32. Nd5 1-0

[Event "Liga Madrileña 2010/2011 - D. Honor"]
[Site "Madrid ESP"]
[Date "2010.12.19"]
[Round "4.45"]
[White "Sanchez-Alarcos Galian, Victor"]
[Black "Cepeda Delgado, Camilo Jose"]
[Result "1/2-1/2"]
[WhiteElo "2192"]
[BlackElo "2187"]
[PlyCount "70"]
[EventDate "2010.11.21"]
[EventType "team"]
[EventRounds "14"]
[EventCountry "ESP"]
[Source "lmi"]
[SourceDate "2010.11.21"]
[WhiteTeam "Moratalaz"]
[BlackTeam "Collado Villalba"]
[WhiteTeamCountry "ESP"]
[BlackTeamCountry "ESP"]

1. d4 e6 2. c4 b6 3. a3 Bb7 4. Nc3 f5 5. d5 Nf6 6. g3 Be7 7. Bg2 O-O 8. Nf3 a5
9. O-O Na6 10. Bf4 Nc5 11. Nd4 Nfe4 12. Nxe4 Nxe4 13. dxe6 d6 14. Qc2 g6 15. g4
Bg5 16. e3 Qf6 17. Rad1 Rae8 18. h3 Nc5 19. Bxb7 Nxb7 20. gxf5 Bxf4 21. exf4
gxf5 22. Rfe1 Nc5 23. e7 Rxe7 24. Rxe7 Qxe7 25. Nxf5 Qf6 26. Ng3 Qxf4 27. Qe2
Nd7 28. Qe6+ Kh8 29. Rf1 Ne5 30. Qe7 Nf3+ 31. Kh1 Qh6 32. Kg2 Nh4+ 33. Kh2 Nf3+
34. Kg2 Nh4+ 35. Kh2 Nf3+ 1/2-1/2

[Event "Liga Madrileña 2010/2011 - D. Honor"]
[Site "Madrid ESP"]
[Date "2010.12.19"]
[Round "4.46"]
[White "Bote Alvarez-Carrasco, Valentin"]
[Black "Pestaña Clavero, Alfonso"]
[Result "1-0"]
[WhiteElo "2183"]
[BlackElo "1937"]
[PlyCount "65"]
[EventDate "2010.11.21"]
[EventType "team"]
[EventRounds "14"]
[EventCountry "ESP"]
[Source "lmi"]
[SourceDate "2010.11.21"]
[WhiteTeam "Collado Villalba"]
[BlackTeam "Moratalaz"]
[WhiteTeamCountry "ESP"]
[BlackTeamCountry "ESP"]

1. Nf3 Nf6 2. c4 c5 3. Nc3 Nc6 4. g3 g6 5. Bg2 Bg7 6. O-O O-O 7. d4 d6 8. d5
Nb8 9. e4 Bg4 10. h3 Bxf3 11. Qxf3 Nbd7 12. Qe2 h6 13. Bf4 Nh5 14. Bd2 a6 15.
g4 Nhf6 16. f4 Nh7 17. b3 Rb8 18. Rae1 Qc7 19. a4 Rbe8 20. Qd3 g5 21. e5 dxe5
22. fxg5 Nxg5 23. h4 e4 24. Nxe4 Nxe4 25. Rxe4 Ne5 26. Qg3 Qd6 27. Bf4 f6 28.
Rfe1 e6 29. g5 hxg5 30. hxg5 exd5 31. gxf6 Qxf6 32. Bxe5 Rxe5 33. Rxe5 1-0

[Event "Liga Madrileña 2010/2011 - D. Honor"]
[Site "Madrid ESP"]
[Date "2011.01.09"]
[Round "5.11"]
[White "Herraiz Hidalgo, Herminio"]
[Black "Hernandez Gallardo, Francisco Javier"]
[Result "1/2-1/2"]
[WhiteElo "2494"]
[BlackElo "2330"]
[PlyCount "35"]
[EventDate "2010.11.21"]
[EventType "team"]
[EventRounds "14"]
[EventCountry "ESP"]
[Source "lmi"]
[SourceDate "2010.11.21"]
[WhiteTeam "Vallecas CDV"]
[BlackTeam "Moratalaz"]
[WhiteTeamCountry "ESP"]
[BlackTeamCountry "ESP"]

1. d4 d5 2. Nf3 Nf6 3. c4 dxc4 4. e3 g6 5. Bxc4 Bg7 6. O-O O-O 7. h3 Ne4 8. Bd3
Nd6 9. Nc3 Nd7 10. Qe2 c6 11. e4 Nb6 12. Bg5 Be6 13. Rad1 Qd7 14. Rfe1 Rfe8 15.
d5 cxd5 16. e5 Ndc4 17. Bxc4 Nxc4 18. Nxd5 1/2-1/2

[Event "Liga Madrileña 2010/2011 - D. Honor"]
[Site "Madrid ESP"]
[Date "2011.01.09"]
[Round "5.12"]
[White "Serrano Salvador, Eduardo"]
[Black "Enjuto Velasco, Roberto"]
[Result "1/2-1/2"]
[WhiteElo "2359"]
[BlackElo "2184"]
[PlyCount "74"]
[EventDate "2010.11.21"]
[EventType "team"]
[EventRounds "14"]
[EventCountry "ESP"]
[Source "lmi"]
[SourceDate "2010.11.21"]
[WhiteTeam "Moratalaz"]
[BlackTeam "Vallecas CDV"]
[WhiteTeamCountry "ESP"]
[BlackTeamCountry "ESP"]

1. d4 d5 2. Bg5 c6 3. Nf3 h6 4. Bh4 Bf5 5. e3 Nd7 6. c4 Ngf6 7. cxd5 Nxd5 8.
Nc3 Qa5 9. Qd2 e6 10. Nxd5 Qxd2+ 11. Kxd2 exd5 12. a3 a5 13. Bd3 Bxd3 14. Kxd3
Bd6 15. Bg3 Bxg3 16. hxg3 O-O 17. Rac1 Ra6 18. Ne5 Nb6 19. Kc3 Re8 20. Rhe1
Raa8 21. Kb3 f6 22. Nd3 Nc4 23. Rc2 Kf7 24. Rce2 b6 25. Ka2 a4 26. Nb4 Rac8 27.
Rc2 b5 28. Rec1 Re7 29. Nd3 Rce8 30. Re2 Rd8 31. Kb1 Rde8 32. Kc2 Rd8 33. Kc3
Ke6 34. Kb4 Kd6 35. Nc5 Kc7 36. Nd3 Kb6 37. Rce1 Rde8 1/2-1/2

[Event "Liga Madrileña 2010/2011 - D. Honor"]
[Site "Madrid ESP"]
[Date "2011.01.09"]
[Round "5.13"]
[White "Montañes Arribas, Adrian"]
[Black "Ramirez Garcia, Jorge Alberto"]
[Result "1-0"]
[WhiteElo "2147"]
[BlackElo "2255"]
[PlyCount "97"]
[EventDate "2010.11.21"]
[EventType "team"]
[EventRounds "14"]
[EventCountry "ESP"]
[Source "lmi"]
[SourceDate "2010.11.21"]
[WhiteTeam "Vallecas CDV"]
[BlackTeam "Moratalaz"]
[WhiteTeamCountry "ESP"]
[BlackTeamCountry "ESP"]

1. e4 c5 2. Nf3 Nc6 3. d4 cxd4 4. Nxd4 Nf6 5. Nc3 e5 6. Ndb5 d6 7. Bg5 a6 8.
Na3 b5 9. Bxf6 gxf6 10. Nd5 Bg7 11. Bd3 Ne7 12. Nxe7 Qxe7 13. O-O O-O 14. c4 f5
15. Qf3 Re8 16. Rfe1 b4 17. Nc2 f4 18. Nxb4 Rb8 19. Nc6 Qg5 20. Nxb8 Bg4 21.
Qxg4 Qxg4 22. Nxa6 f3 23. g3 Bh6 24. Nc7 Rb8 25. Nd5 Bg5 26. b4 h5 27. Bf1 h4
28. h3 Qd7 29. g4 Qa4 30. b5 Bd2 31. Red1 Ba5 32. Ne7+ Kf8 33. Nc6 Ra8 34. Nxa5
Rxa5 35. Rxd6 Qa3 36. Rdd1 Ra8 37. b6 Qc5 38. Rab1 Rb8 39. Rb5 Qd4 40. Rdb1
Qxe4 41. c5 f5 42. R1b4 Qd5 43. a4 e4 44. c6 Qxc6 45. Rxf5+ Kg7 46. a5 Rd8 47.
Rc4 Qd6 48. Rc7+ Kg8 49. Bc4+ 1-0

[Event "Liga Madrileña 2010/2011 - D. Honor"]
[Site "Madrid ESP"]
[Date "2011.01.09"]
[Round "5.14"]
[White "Solaesa Navalpotro, Luis Julio"]
[Black "Martin Duque, Jesus"]
[Result "1-0"]
[WhiteElo "2251"]
[BlackElo "2115"]
[PlyCount "63"]
[EventDate "2010.11.21"]
[EventType "team"]
[EventRounds "14"]
[EventCountry "ESP"]
[Source "lmi"]
[SourceDate "2010.11.21"]
[WhiteTeam "Moratalaz"]
[BlackTeam "Vallecas CDV"]
[WhiteTeamCountry "ESP"]
[BlackTeamCountry "ESP"]

1. d4 Nf6 2. Nf3 e6 3. g3 d5 4. Bg2 Be7 5. O-O O-O 6. c4 dxc4 7. Ne5 Nc6 8.
Bxc6 bxc6 9. Nxc6 Qe8 10. Nxe7+ Qxe7 11. Qa4 e5 12. dxe5 Qxe5 13. Qxc4 Be6 14.
Qc2 Bf5 15. Qd2 Bxb1 16. Rxb1 Rfd8 17. Qc2 Re8 18. Re1 Qe6 19. b3 Qh3 20. e4
Qg4 21. Re3 Qg6 22. f3 h5 23. Re1 h4 24. Kg2 Rad8 25. Be3 hxg3 26. hxg3 Nh5 27.
Qf2 a5 28. Rbc1 Rd7 29. Rc5 Red8 30. Rg5 Qh7 31. g4 Ng3 32. Kxg3 1-0

[Event "Liga Madrileña 2010/2011 - D. Honor"]
[Site "Madrid ESP"]
[Date "2011.01.09"]
[Round "5.15"]
[White "Madurga Lopez, Ignacio"]
[Black "Sanchez-Alarcos Galian, Victor"]
[Result "0-1"]
[WhiteElo "1988"]
[BlackElo "2192"]
[PlyCount "100"]
[EventDate "2010.11.21"]
[EventType "team"]
[EventRounds "14"]
[EventCountry "ESP"]
[Source "lmi"]
[SourceDate "2010.11.21"]
[WhiteTeam "Vallecas CDV"]
[BlackTeam "Moratalaz"]
[WhiteTeamCountry "ESP"]
[BlackTeamCountry "ESP"]

1. e4 c6 2. d4 d5 3. exd5 cxd5 4. Bd3 Nc6 5. c3 Nf6 6. Bf4 g6 7. Qb3 Bg7 8. Nf3
O-O 9. O-O a6 10. h3 Ra7 11. Nbd2 Bf5 12. Qc2 Bxd3 13. Qxd3 e6 14. Qe3 b5 15.
Bh6 Qb6 16. Bxg7 Kxg7 17. Ne5 Nxe5 18. Qxe5 b4 19. Rac1 bxc3 20. Rxc3 Qb8 21.
f4 Qxb2 22. Rd3 Qb8 23. Rb3 Qxe5 24. fxe5 Ng8 25. Rfb1 Rc8 26. Kf2 h5 27. Ke3
Nh6 28. Kd3 Nf5 29. g4 hxg4 30. hxg4 Nh6 31. g5 Nf5 32. Rb8 Rac7 33. Rxc8 Rxc8
34. Rh1 Rc7 35. Rb1 Rc8 36. Rh1 Rb8 37. Nb3 Rb4 38. Rc1 a5 39. Rc8 a4 40. Nc5
Rxd4+ 41. Ke2 Rc4 42. Rc7 Kf8 43. Nd7+ Kg8 44. Ra7 Ng3+ 45. Kf3 Ne4 46. Nf6+
Kg7 47. Ra8 Nxg5+ 48. Ke3 Ne4 49. Rg8+ Kh6 50. Rh8+ Kg5 0-1